000 00686nam a2200217Ia 4500
005 20230715102503.0
008 210716s2012 xx 000 0 und d
020 _a9788131770610
040 _cAIMIT LIBRARY
041 _aeng
082 _a004.694
_21
_bULLL
100 _aUllman, Larry.
_9127116
245 _aEffortless e commerce:
_bwith php and mysql /
_cBy Larry, Ulliman.
250 _a1st ed.
260 _aNew Delhi :
_bPearson Education ,
_c2012.
300 _axvi,367p. ;
_bPB
_c24 cm.
650 _aSelling virtual products
_9127117
650 _aManaging site content
_9127118
650 _aSelling physical products
_9127119
942 _2ddc
_cBK
_e1st ed.
_k004.694 ULLL
999 _c193635
_d193635